• 首页
  • 本馆介绍
  • 公告通知
  • 最新文献
  • 馆藏检索
  • 电子资源
  • 读者导购
  • 参考咨询
  • 我的图书馆
  • 登录
  • 详细信息显示
  • 放入我的书架
  • 预约/预借图书
  • 作者相关作品
  • 分类相关作品
  • 丛书相关作品
  • 出版社相关作品

书目信息

  • 表格格式
  • 工作单格式
  • 卡片格式
题名:
CI设计
    
 
作者: 闫伟 , 朱丽娜 , 李爱平 主编
分册:  
出版信息: 长春   东北师范大学出版社  2013
页数: 216页
开本: 29cm
丛书名:
单 册:
中图分类: F272-05
科图分类:
主题词: 企业形象--设计--教材 , 企业形象
电子资源:
ISBN: 978-7-5602-8827-7
000 00965nam0 2200277 450
001 012015000108
005 20150914150530.15
010    @a978-7-5602-8827-7@dCNY63.00
100    @a20140429d2013 em y0chiy50 ea
101 0  @achi
102    @aCN@b220000
105    @aa z 000yy
106    @ar
200 1  @aCI设计@ACI she ji@f闫伟,朱丽娜,李爱平主编
210    @a长春@c东北师范大学出版社@d2013
215    @a216页@c图@d29cm
300    @a21世纪艺术设计专业“十二五”规划教材
330    @a本书从认识CI开始,对CI的概念、发展历程、CI设计导入的程序、VI导入的流程、企业形象与现状调查、理念识别系统、行为识别系统、视觉识别系统等方面进行了较为详细的论述,并对其中的规律性元素进行了归纳和整合。
606 0  @a企业形象@x设计@j教材
606 0  @a企业形象
690    @aF272-05@v5
701  0 @a闫伟@Ayan wei@4主编
701  0 @a朱丽娜@Azhu li na@4主编
701  0 @a李爱平@Ali ai ping@4主编
801  0 @aCN@b碧洲教育@c20150716
905    @a10447@f4@dF272-05@e1245
    
    CI设计/闫伟,朱丽娜,李爱平主编.-长春:东北师范大学出版社,2013
    216页:图;29cm
    21世纪艺术设计专业“十二五”规划教材
    
    ISBN 978-7-5602-8827-7:CNY63.00
    本书从认识CI开始,对CI的概念、发展历程、CI设计导入的程序、VI导入的流程、企业形象与现状调查、理念识别系统、行为识别系统、视觉识别系统等方面进行了较为详细的论述,并对其中的规律性元素进行了归纳和整合。
●
相关链接 在E读中查询图书 在五车中查询图书 在当当中查询图书 在豆瓣中查询图书


正题名:CI设计     索取号:F272-05/1245         预约/预借

序号 登录号 条形码 馆藏地/架位号 状态 备注
1 0870581   208705819   第一样本阅览室/ [索取号:F272-05/1245] 在馆    
2 0870582   208705828   第一借阅区/ [索取号:F272-05/1245] 在馆    
3 0870583   208705837   第一借阅区/ [索取号:F272-05/1245] 在馆    
4 0870584   208705846   第一借阅区/ [索取号:F272-05/1245] 在馆    
唐山师范学院图书馆 欢迎您!
大连网信软件有限公司© 版权所有